[Event "Maharashtra Chess League 2013"]
[Site "Pune IND"]
[Date "2013.04.25"]
[Round "3"]
[White "Karavade,E"]
[Black "Himanshu,Sh"]
[Result "0-1"]
[WhiteElo "2389"]
[BlackElo "2403"]

1.Nf3 Nf6 2.c4 e6 3.g3 b6 4.Bg2 Bb7 5.O-O c5 6.Nc3 Be7 7.Re1 a6 8.e4 d6 9.d4 cxd4
10.Nxd4 Qc7 11.Be3 Nbd7 12.Rc1 O-O 13.f4 Rac8 14.f5 e5 15.Nd5 Nxd5 16.cxd5 Nc5
17.Ne2 a5 18.Nc3 Ba6 19.Na4 Bb5 20.Nxc5 bxc5 21.b3 Qd8 22.Bf1 Rb8 23.Bc4 Bg5
24.Qd2 Bxe3+ 25.Qxe3 a4 26.Rf1 f6 27.g4 Rf7 28.Rf2 Bxc4 29.bxc4 Rfb7 30.Qc3 Rb1
31.Kg2 Qb6 32.g5 fxg5 33.Rcc2 Qb4 34.Qe3 Qe1 35.Qxe1 Rxe1 36.f6 Rf8 37.Rfe2 Rxe2+
38.Rxe2 Rxf6 39.Rb2 Rf4 40.Rb8+ Kf7 41.Ra8 Rxe4 42.Rxa4 h5 43.Ra7+ Kf6 44.Ra6 Rxc4
45.Rxd6+ Kf5 46.Rd7 Rc2+ 47.Kg1 Rxa2 48.Rxg7 Rd2 49.Rf7+ Ke4 50.Rg7 g4 51.Rg5 Rxd5
52.Rxh5 c4  0-1

[Event "Nakhchivan Open A 2013"]
[Site "Nakhchivan AZE"]
[Date "2013.04.26"]
[Round "5.22"]
[White "Dastan,B"]
[Black "Umudova,N"]
[Result "1-0"]
[WhiteElo "2402"]
[BlackElo "2233"]

1.Nf3 Nf6 2.g3 b6 3.Bg2 Bb7 4.c4 c5 5.O-O e6 6.Nc3 Be7 7.d4 cxd4 8.Qxd4 O-O
9.Rd1 d5 10.Ne5 Nc6 11.Nxc6 Bxc6 12.cxd5 Nxd5 13.Nxd5 Bxd5 14.Bxd5 Qxd5 15.Qxd5 exd5
16.Rxd5 Bf6 17.Rb1 Rfc8 18.e4 Rc2 19.e5 Be7 20.Be3 f6 21.Rd7 Kf8 22.e6 Rc6
23.Rc1 Rxe6 24.Rb7 Bd8 25.Bf4 Re2 26.Bd6+ Kg8 27.Kf1 Re6 28.Rd1 f5 29.Bb4 Bf6
30.Bc3 Re7 31.Rxe7 Bxe7 32.Rd7 Bf8 33.Rb7 g6 34.Be5 Re8 35.Bb8 Bb4 36.Bxa7 Re1+
37.Kg2 Re2 38.Bxb6 Rxb2 39.Bd4 Bc3 40.Rg7+  1-0

[Event "Western Pacific Open 2013"]
[Site "Los Angeles USA"]
[Date "2013.04.27"]
[Round "3"]
[White "Kretchetov,A"]
[Black "Hall,Bobby"]
[Result "1-0"]
[WhiteElo "2271"]
[BlackElo "2036"]

1.Nf3 Nf6 2.c4 b6 3.g3 c5 4.Bg2 Bb7 5.O-O e6 6.Nc3 Be7 7.Re1 O-O 8.e4 d6
9.d4 cxd4 10.Nxd4 Qd7 11.Be3 Nc6 12.Qe2 Rac8 13.Red1 Nxd4 14.Bxd4 Qc7 15.e5 Ne8
16.Nb5 Qb8 17.Bxb7 Qxb7 18.exd6 Nxd6 19.Nxd6 Bxd6 20.Bxg7 Kxg7 21.Rxd6 Qe7
22.Rad1 Rfd8 23.Qg4+ Kf8 24.R6d4 Rxd4 25.Qxd4 Qc7 26.b3 a6 27.Qh8+ Ke7 28.Qxh7 b5
29.cxb5 axb5 30.Qh4+ Ke8 31.Qg5 Qc6 32.h4 b4 33.h5 Qf3 34.Rf1 Rd8 35.Qb5+ Kf8
36.Qxb4+ Kg8 37.Qf4 Qxh5 38.Kg2 Rd3 39.Qe4 Rd2 40.Rh1 Qa5 41.a4 Rd5 42.Qg4+ Rg5
43.Qd4 Qa8+ 44.f3 Rg7 45.Qh4 Kf8 46.Rd1 f6 47.Qxf6+  1-0

[Event "Llucmajor Open 2013"]
[Site "Llucmajor ESP"]
[Date "2013.05.01"]
[Round "5.4"]
[White "Zaragatski,I"]
[Black "Kasparov,S"]
[Result "1/2-1/2"]
[WhiteElo "2469"]
[BlackElo "2478"]

1.Nf3 Nf6 2.g3 b6 3.Bg2 Bb7 4.O-O e6 5.c4 c5 6.Nc3 d6 7.d4 cxd4 8.Qxd4 a6
9.Bg5 Nbd7 10.Rfd1 Be7 11.Qd2 Rc8 12.Bf4 Rxc4 13.Bxd6 Rc8 14.Ne5 Bxg2 15.Kxg2 Nxe5
16.Bxe5 Qxd2 17.Rxd2 O-O 18.Bd6 Rfd8 19.Rad1 Kf8 20.e4 Ne8 21.Bxe7+  1/2-1/2

[Event "Nakhchivan Open A 2013"]
[Site "Nakhchivan AZE"]
[Date "2013.05.01"]
[Round "9.10"]
[White "Mamedov,Rau"]
[Black "Agayev,N"]
[Result "1-0"]
[WhiteElo "2662"]
[BlackElo "2368"]

1.c4 c5 2.Nf3 Nf6 3.g3 b6 4.Bg2 Bb7 5.O-O e6 6.Nc3 Be7 7.Re1 O-O 8.e4 d6
9.d4 cxd4 10.Nxd4 Qc8 11.b3 a6 12.Bb2 Nbd7 13.Qe2 Rd8 14.Rad1 Bf8 15.g4 Nc5
16.g5 Ne8 17.h4 e5 18.Nf5 Ne6 19.Bc1 g6 20.Ne3 Nf4 21.Qf3 h5 22.Bf1 b5 23.Ned5 Bxd5
24.Nxd5 Nxd5 25.cxd5 f5 26.exf5 Qxf5 27.Re3 Qxf3 28.Rxf3 Ra7 29.Be3 Rb7 30.Bd3 Kg7
31.Rc1 Be7 32.Rc6 Nc7 33.Bb6 Rd7 34.Ba5 Nxd5 35.Be4 Nf4 36.Rxf4 exf4 37.Bc3+ Kf7
38.Bd5+ Ke8 39.Rc8+ Bd8 40.Bxb7 Rxb7 41.Bf6 Rd7 42.f3 a5 43.a4 bxa4 44.bxa4 Re7
45.Bxe7 Kxe7 46.Kf1 Bb6 47.Rc4 Be3 48.Rc7+ Kf8 49.Rd7 Bc5 50.Ke2 Bb4 51.Kd3 Be1
52.Rxd6 Bxh4 53.Rxg6 Bg3 54.Rh6  1-0

[Event "31st Liechtenstein Open 2013"]
[Site "Triesen LIE"]
[Date "2013.05.04"]
[Round "2.10"]
[White "Benes,Pe1"]
[Black "Rooze,J"]
[Result "0-1"]
[WhiteElo "2097"]
[BlackElo "2372"]

1.Nf3 Nf6 2.c4 c5 3.g3 b6 4.Bg2 Bb7 5.O-O e6 6.Nc3 Be7 7.Re1 d6 8.b3 a6 9.Bb2 O-O
10.d4 cxd4 11.Qxd4 Nbd7 12.e4 Qc7 13.h3 Rfd8 14.Rac1 Rac8 15.Kh1 Bf8 16.Nh2 Qb8
17.g4 Ba8 18.g5 Ne8 19.Ng4 Ne5 20.Ne3 b5 21.f4 bxc4 22.bxc4 Qxb2 23.fxe5 dxe5
24.Qxe5 Bd6 25.Qa5 Bb4 26.Qxa6 Bxc3 27.Rc2 Qb4 28.Rf1 Nc7 29.Qa7 Bd4 30.c5 Bxe3  0-1

[Event "Gligoric Cup 2013"]
[Site "Banja Koviljaca SRB"]
[Date "2013.05.21"]
[Round "2.2"]
[White "Bogosavljevic,B"]
[Black "Rajkovic,Du"]
[Result "1-0"]
[WhiteElo "2549"]
[BlackElo "2392"]

1.Nf3 Nf6 2.c4 c5 3.g3 b6 4.Bg2 Bb7 5.O-O e6 6.Nc3 Be7 7.Re1 d6 8.e4 a6 9.d4 cxd4
10.Nxd4 Qc7 11.Be3 Nbd7 12.f4 O-O 13.Rc1 h5 14.h3 Rfe8 15.Bf2 Rac8 16.b3 Bf8
17.Qd2 g6 18.Nf3 Nc5 19.Ng5 Nh7 20.Nxh7 Kxh7 21.g4 hxg4 22.hxg4 Bg7 23.Re3 Kg8
24.Rd1 b5 25.cxb5 Qa5 26.Ne2 Qxb5 27.Qxd6 Bf8 28.Qd2 e5 29.f5 Bh6 30.Nc3 Qa5
31.Nd5 Qxd2 32.Nf6+ Kf8 33.Rxd2 Bf4 34.Nxe8 Kxe8 35.Rc2 Bxe3 36.Bxe3 Nd7
37.Rxc8+ Bxc8 38.g5 Nb8 39.f6 Nc6 40.Bf1 Bb7 41.Kf2 Kd7 42.Bb6  1-0

[Event "TCh-SUI 2013"]
[Site "Switzerland SUI"]
[Date "2013.05.26"]
[Round "3.8"]
[White "Bauert,R"]
[Black "Pluess,P"]
[Result "1/2-1/2"]
[WhiteElo "2244"]
[BlackElo "2206"]

1.Nf3 c5 2.c4 Nf6 3.g3 b6 4.Bg2 Bb7 5.O-O e6 6.Nc3 Be7 7.d4 cxd4 8.Qxd4 O-O
9.Rd1 Ne8 10.e4 Qc8 11.e5 d6 12.Bf4 Nc6 13.Qd2 dxe5 14.Bxe5 Nxe5 15.Nxe5 Bxg2
16.Kxg2 Nd6 17.b3 Qb7+ 18.Kg1 Rad8 19.Qe2 Nf5 20.Qf3 Qxf3 21.Nxf3 Bf6 22.Rxd8 Rxd8
23.Rd1 Rxd1+ 24.Nxd1 Kf8 25.Kf1 Ke7 26.Ke2 Kd6 27.Kd3 h6 28.Nc3 Bxc3 29.Kxc3 e5
30.b4 Ne7 31.Nd2 f5 32.f3 Nc6 33.Nb3 g5 34.g4 fxg4 35.fxg4 Ke6 36.a3 Nb8
37.Kd3 Nd7 38.h3 Nf6 39.c5 Kd5 40.cxb6 axb6 41.a4 h5  1/2-1/2

[Event "Hungarian National Open 2013"]
[Site "Zalakaros HUN"]
[Date "2013.05.28"]
[Round "7"]
[White "Ianov,V"]
[Black "Lechtynsky,J"]
[Result "1/2-1/2"]
[WhiteElo "2327"]
[BlackElo "2361"]

1.c4 e6 2.Nf3 Nf6 3.g3 b6 4.Bg2 Bb7 5.O-O c5 6.Nc3 Be7 7.d4 cxd4 8.Qxd4 d6
9.Rd1 a6 10.Bg5 Nbd7 11.Bxf6 Nxf6 12.Ng5 Bxg2 13.Kxg2 O-O 14.Nge4 Qc7 15.Rac1 Rfd8
16.f3 Qb7 17.Nxf6+ Bxf6 18.Qd3 h6  1/2-1/2

[Event "6th Mayors Cup 2013"]
[Site "Mumbai IND"]
[Date "2013.06.01"]
[Round "6"]
[White "Fodor,T jr"]
[Black "Papin,V"]
[Result "1/2-1/2"]
[WhiteElo "2475"]
[BlackElo "2552"]

1.Nf3 c5 2.c4 Nf6 3.g3 b6 4.Bg2 Bb7 5.O-O e6 6.d4 cxd4 7.Qxd4 Be7 8.Nc3 O-O
9.Rd1 d6 10.Bg5 Nc6 11.Qd2 Qb8 12.Rac1 Rd8  1/2-1/2

[Event "2nd Grand Europe Open 2013"]
[Site "Golden Sands BUL"]
[Date "2013.06.10"]
[Round "1.50"]
[White "Arsovic,Z"]
[Black "Mishkovski,L"]
[Result "1-0"]
[WhiteElo "2433"]
[BlackElo "2066"]

1.Nf3 Nf6 2.c4 e6 3.g3 b6 4.Bg2 Bb7 5.O-O c5 6.Nc3 a6 7.d4 cxd4 8.Qxd4 Nc6
9.Qd3 d6 10.Rd1 Qc7 11.Bf4 Rd8 12.Rac1 Na7 13.b4 Nh5 14.Bg5 Nf6 15.Bxf6 gxf6
16.Nd4 Bxg2 17.Kxg2 Be7 18.e4 Qb7 19.Qf3 Rc8 20.Nce2 h5 21.h4 b5 22.cxb5 axb5
23.Rxc8+ Qxc8 24.Rc1 Qb7 25.Nf4 Kd7 26.Nxh5 f5 27.Re1 fxe4 28.Qxf7 Rh6 29.Ng7 Nc6
30.Qe8+ Kc7 31.Rc1  1-0

[Event "3rd Ortega Rating"]
[Site "Ortega COL"]
[Date "2013.06.10"]
[Round "8.6"]
[White "Rios Parra,M"]
[Black "Rios,Al"]
[Result "1-0"]
[WhiteElo "2297"]
[BlackElo "2349"]

1.Nf3 Nf6 2.g3 b6 3.Bg2 Bb7 4.O-O e6 5.c4 c5 6.Nc3 Be7 7.b3 O-O 8.Bb2 d6
9.d4 cxd4 10.Qxd4 a6 11.Rfd1 Qc7 12.Rac1 Nbd7 13.h3 Rac8 14.e4 Qb8 15.Kh2 Rfd8
16.Qe3 Qa8 17.Nd4 Nc5 18.Re1 Re8 19.Rc2 Bd8 20.f4 Bc7 21.e5 dxe5 22.fxe5 Nfd7
23.Bxb7 Qxb7 24.Nf3 b5 25.b4 Na4 26.c5 Nxb2 27.Rxb2 Nb8 28.Rd1 Red8 29.Rbd2 Rxd2+
30.Rxd2 Rd8 31.Rxd8+ Bxd8 32.Qd3 Qd7 33.Qxd7 Nxd7 34.Ne4 Kf8 35.Kg2 Ke7 36.Nf2 Bc7
37.Nd3 Nb8 38.Kf2 Nc6 39.a3 f6 40.Ke3 fxe5 41.g4 h6 42.Ke4 Kf6 43.h4 Bb8
44.Ndxe5  1-0

[Event "8th Teplice Open 2013"]
[Site "Teplice CZE"]
[Date "2013.06.16"]
[Round "2.33"]
[White "Toman,Ondrej"]
[Black "Wieczorek,O"]
[Result "0-1"]
[WhiteElo "2052"]
[BlackElo "2353"]

1.Nf3 Nf6 2.g3 b6 3.Bg2 Bb7 4.O-O c5 5.c4 e6 6.Nc3 Be7 7.Qc2 O-O 8.e4 Nc6
9.d3 d5 10.a3 Nd4 11.Qd1 dxc4 12.dxc4 Nxe4 13.Nxe4 Bxe4 14.Nxd4 Bxg2 15.Nxe6 Qxd1
16.Rxd1 Bf3 17.Rd7 Rfe8 18.Nc7 Rad8 19.Rxd8 Rxd8 20.Bf4 Bf6 21.Re1 Bxb2 22.Nb5 a6
23.Bc7 Rd1 24.Rxd1 Bxd1 25.Nd6 Bxa3 26.Bxb6 Bf3 27.Ne8 Kf8 28.Nc7 Bb7 29.Kf1 Ke7
30.Ke2 Bb4 31.Kd3 Kd7 32.g4 a5 33.Nb5 Bg2 34.Kc2 Bf3 35.g5 Be2 36.Kb3 a4+  0-1

[Event "2nd Grand Europe Open 2013"]
[Site "Golden Sands BUL"]
[Date "2013.06.17"]
[Round "8.18"]
[White "Iturrizaga,E"]
[Black "Roeder,M"]
[Result "1/2-1/2"]
[WhiteElo "2645"]
[BlackElo "2409"]

1.Nf3 Nf6 2.c4 b6 3.g3 c5 4.Bg2 Bb7 5.O-O e6 6.Nc3 Be7 7.d4 cxd4 8.Qxd4 Nc6
9.Qf4 d6 10.Rd1 a6 11.b3 Qb8 12.Ng5 O-O 13.Bb2 Ra7 14.Nce4 Ne5 15.Nxf6+ Bxf6
16.Bxb7 Rxb7 17.Ne4 Be7 18.Rd2 Ng6 19.Qe3 Rd8 20.Rad1 Rbd7 21.h4 h6 22.Qc3 f6
23.Qe3 Nf8 24.a4 d5 25.cxd5 exd5 26.Nc3 d4 27.Rxd4 Bc5 28.Ne4 Bxd4 29.Rxd4 f5
30.Nd2 Rxd4  1/2-1/2

[Event "8th Teplice Open 2013"]
[Site "Teplice CZE"]
[Date "2013.06.20"]
[Round "6.18"]
[White "Kozak,Mi"]
[Black "Kasparov,S"]
[Result "0-1"]
[WhiteElo "2166"]
[BlackElo "2482"]

1.Nf3 Nf6 2.c4 c5 3.g3 b6 4.Bg2 Bb7 5.O-O e6 6.Nc3 d6 7.d4 cxd4 8.Qxd4 a6
9.Bg5 Nbd7 10.Nd2 Bxg2 11.Kxg2 Rc8 12.Nde4 Rc6 13.b3 Be7 14.Nxf6+ Nxf6 15.Ne4 Nxe4
16.Qxe4 Qa8 17.Bxe7 Kxe7 18.Kg1 h5 19.h4 g6 20.Rfd1 Rd8 21.Rd2 b5 22.Rad1 bxc4
23.bxc4 Qc8 24.Rc2 d5 25.Qf4 Rxc4 26.Rxc4 dxc4 27.Rxd8 Kxd8 28.Qxf7 Qc5 29.Qxe6 c3
30.Qf6+ Kd7 31.Qg7+ Kc8 32.Qg8+ Kc7 33.Qf7+ Kb8 34.Qb3+ Ka7 35.Qf7+ Kb6 36.Qxg6+ Ka5
37.Qc2 Qd4 38.Qf5+ Kb4 39.Qf8+ Ka4 40.Qc8 Ka3 41.Qxa6+ Kb2 42.Qb5+ Ka1 43.Qxh5 c2
44.Qg5 Qd1+ 45.Kg2 c1=Q 46.Qxc1+ Qxc1 47.g4 Kxa2 48.e3 Kb3 49.h5 Qc5 50.Kg3 Qe5+
51.Kh4 Qf6+ 52.g5 Qxf2+ 53.Kg4 Qe2+ 54.Kh4 Qxe3 55.h6 Qf4+ 56.Kh5 Qf5  0-1

[Event "8th Teplice Open 2013"]
[Site "Teplice CZE"]
[Date "2013.06.21"]
[Round "7.46"]
[White "Hadraba,V"]
[Black "Badelka,Olga"]
[Result "1-0"]
[WhiteElo "2216"]
[BlackElo "1817"]

1.Nf3 Nf6 2.c4 c5 3.g3 b6 4.Bg2 Bb7 5.O-O e6 6.Nc3 d6 7.e3 Be7 8.b3 O-O 9.Bb2 Nbd7
10.d4 Ne4 11.Qd3 f5 12.Ne1 Ndf6 13.f3 Nxc3 14.Qxc3 Nd7 15.Nd3 Bf6 16.Nf4 Qe7
17.Nh5 cxd4 18.Nxf6+ Qxf6 19.exd4 f4 20.Qd2 Qg6 21.g4 h5 22.gxh5 Qxh5 23.Ba3 Rf6
24.Bxd6 g5 25.h3 Nf8 26.Bxf8 Raxf8 27.Rae1 Rh6 28.Re5 Qh4 29.Qe1 Kf7 30.Qxh4 gxh4
31.Rfe1 Rg8 32.Kf1 Rhg6 33.R1e2 Ba6 34.a4 Rg5 35.R5e4 Bb7 36.Rxf4+ Ke7 37.Rxh4  1-0

[Event "Gold Coast Open 2013"]
[Site "Gold Coast AUS"]
[Date "2013.06.23"]
[Round "2"]
[White "Harris,John"]
[Black "Muller,J"]
[Result "0-1"]
[WhiteElo "1811"]
[BlackElo "2042"]

1.c4 b6 2.Nf3 c5 3.g3 Bb7 4.Bg2 Nf6 5.O-O e6 6.Nc3 Be7 7.b3 O-O 8.Bb2 d6
9.e3 Nbd7 10.d4 cxd4 11.Qxd4 a6 12.e4 Qc7 13.Rac1 Rac8 14.Rfe1 Rfd8 15.Nd2 Qb8
16.a4 Bf8 17.Ba3 Nc5 18.b4 Ng4 19.e5 dxe5 20.Qxg4 Nd3 21.Qe2 Bxg2 22.Kxg2 a5
23.Rb1 axb4 24.Bxb4 Bxb4 25.Rxb4 Nxb4 26.Rb1 Nd3 27.Kg1 Qc7 28.Qf3 Nc5 29.Nb3 Qd7
30.Kf1 Qd3+  0-1

[Event "9th Prague Festival Open A"]
[Site "Prague CZE"]
[Date "2013.06.24"]
[Round "2.1"]
[White "Stigar,P"]
[Black "Sergeev,Vl"]
[Result "1/2-1/2"]
[WhiteElo "2255"]
[BlackElo "2436"]

1.Nf3 c5 2.c4 b6 3.g3 Bb7 4.Bg2 Nf6 5.O-O e6 6.Nc3 Be7 7.d4 cxd4 8.Qxd4 d6
9.Bg5 a6 10.Bxf6 Bxf6 11.Qf4 O-O 12.Rfd1 Be7 13.Ne4 Bxe4 14.Qxe4 Ra7 15.Nd4 Re8
16.Rac1 Bf8 17.e3 Qc8 18.b3 Rc7 19.Qb1 g6 20.Rc2 Nd7 21.a4 Ne5 22.Qa2 Rc5
23.Bf1 Qb8 24.b4 Rc7 25.Qb3 Rec8 26.Rdc1 Nc6 27.Nxc6 Rxc6 28.Bg2 R6c7 29.b5 axb5
30.axb5 Ra7 31.Bc6 Rcc7 32.Ra2 Rxa2 33.Qxa2 Ra7 34.Qe2 Ra3 35.h4 Qa7 36.Kg2 h5
37.Qf3 Bg7 38.Rd1 Qe7 39.Qe2 Be5 40.Rd2 Qa7 41.Rd3 Ra2 42.Rd2 Ra1 43.Rd1 Qa2
44.Qxa2 Rxa2 45.Kf1 Rc2 46.f4 Bf6 47.Rxd6 Be7 48.Rd3 Rxc4 49.e4 Rc2 50.e5 Bc5
51.Ke1 Rc1+ 52.Ke2 Rc2+ 53.Kf3 Kg7 54.Bb7 Bb4 55.Re3 Bd2 56.Re2 Rc3+ 57.Kg2 Be3
58.Be4 Rb3 59.Bc2 Ra3 60.Be4 Bd4 61.Bc6 Rb3 62.Rd2 Bc3 63.Re2 Kf8 64.Kf2 Ke7
65.Kg2 f6 66.exf6+ Kxf6 67.Re3 Rb2+ 68.Kf3 Bd4 69.Rd3 e5 70.Ke4 Re2+ 71.Kf3 e4+
72.Kxe2 exd3+ 73.Kxd3 Bf2 74.g4 hxg4 75.Bd7 g3 76.Ke2 Ke7 77.Bc6 Ke6 78.Kf3 Kf6
79.Be4 Be1  1/2-1/2

[Event "Geneva Open A 2013"]
[Site "Geneva SUI"]
[Date "2013.06.25"]
[Round "2.4"]
[White "Barletta,M"]
[Black "Hambleton,A"]
[Result "0-1"]
[WhiteElo "2212"]
[BlackElo "2461"]

1.Nf3 Nf6 2.c4 c5 3.g3 b6 4.Bg2 Bb7 5.O-O e6 6.Nc3 a6 7.d4 cxd4 8.Qxd4 d6
9.Rd1 Nbd7 10.b3 Be7 11.Bb2 O-O 12.Rac1 Qc7 13.Ne1 Bxg2 14.Nxg2 Qb7 15.Ne3 b5
16.Rc2 Rfc8 17.Rdc1 Ne5 18.cxb5 axb5 19.Qb4 Rc5 20.Ncd1 Nc6 21.Qf4 Rxa2 22.Qf3 Ra7
23.Rxc5 dxc5 24.Bxf6 gxf6 25.Qg4+ Kh8 26.Qh5 Nd4 27.Rxc5 Nxe2+ 28.Kf1 Nd4
29.Ng2 Ra1 30.Rc3 Qe4 31.h3 Bb4  0-1

[Event "3rd Big Slick IM"]
[Site "Purley ENG"]
[Date "2013.06.27"]
[Round "6"]
[White "McClement,A"]
[Black "House,Glenn L"]
[Result "1/2-1/2"]
[WhiteElo "2169"]
[BlackElo "2211"]

1.Nf3 Nf6 2.c4 b6 3.g3 Bb7 4.Bg2 e6 5.O-O c5 6.Nc3 d6 7.d4 cxd4 8.Qxd4 Be7
9.Bg5 a6 10.Bxf6 Bxf6 11.Qf4 O-O 12.Rfd1 Be7 13.Rac1 Qc7 14.Bh3 Nd7 15.b3 Rad8
16.Qe3 Rfe8 17.Nd4 Bf6 18.Ne4 h6 19.b4 Qb8 20.Nb3 Be7 21.a3 Rc8 22.Qd4 d5
23.cxd5 Bxd5 24.Nbd2 Nf6 25.Nc3 Ba8 26.Nde4 Nxe4 27.Nxe4 Red8 28.Qe3 Rxc1
29.Rxc1 Qe5 30.Bg2 Qb2 31.Re1 Qe5 32.Rc1 Qb2 33.Re1 Qe5 34.Rc1  1/2-1/2

[Event "Klatov Open A 2013"]
[Site "Klatovy CZE"]
[Date "2013.06.29"]
[Round "1.7"]
[White "Danek,V"]
[Black "Kopta,P"]
[Result "0-1"]
[WhiteElo "1970"]
[BlackElo "2292"]

1.Nf3 Nf6 2.g3 b6 3.Bg2 Bb7 4.c4 c5 5.O-O e6 6.Nc3 Be7 7.Re1 O-O 8.e4 d6
9.d4 cxd4 10.Nxd4 Qc8 11.b3 a6 12.Be3 Nbd7 13.Rc1 Re8 14.h3 Qc7 15.f4 Bf8
16.Bf2 Rad8 17.Re3 Qb8 18.Nde2 d5 19.cxd5 Bc5 20.Nd4 Nf8 21.Na4 exd5 22.e5 Ne4
23.Bxe4 dxe4 24.Nxc5 bxc5 25.Rxc5 Ne6 26.Rc4 Rd7 27.Qa1 Red8 28.Re1 e3 29.Bxe3 Nxd4
30.Rxd4 Rxd4 31.Bxd4 Qc8 32.Kf2 Qxh3 33.Rg1 Qh2+ 34.Ke3 Qc2 35.Qb1 Qc6 36.Qd3 h5
37.Kd2 a5 38.Re1 Qg2+ 39.Kc1 Qxa2 40.Re3 Qa3+ 41.Kb1 Qb4  0-1

[Event "TCh-MNE Prem 2013"]
[Site "Cetinje MNE"]
[Date "2013.06.30"]
[Round "7.5"]
[White "Savic,Miom"]
[Black "Potpara,N"]
[Result "1/2-1/2"]
[WhiteElo "2201"]
[BlackElo "2236"]

1.c4 Nf6 2.Nf3 c5 3.g3 b6 4.Bg2 Bb7 5.O-O e6 6.b3 Be7 7.Bb2 O-O 8.d3 d5 9.cxd5 Nxd5
10.Nbd2 Nc6 11.Ne5 Qc7 12.Nxc6 Bxc6 13.Nc4 Rfd8 14.a3 Nf6 15.Bxc6 Qxc6 16.Qc2 Rac8
17.Rac1 Qd5 18.Ne5 Ne8 19.Nf3  1/2-1/2

[Event "2nd Arberopen 2013"]
[Site "Bayerisch Eisenstein GER"]
[Date "2013.07.01"]
[Round "3.7"]
[White "Blechzin,I"]
[Black "Herbold,M"]
[Result "1-0"]
[WhiteElo "2438"]
[BlackElo "2091"]

1.Nf3 Nf6 2.c4 e6 3.g3 b6 4.Bg2 Bb7 5.O-O c5 6.b3 Be7 7.Bb2 O-O 8.d4 cxd4
9.Qxd4 d6 10.Nc3 Nbd7 11.Rad1 a6 12.Ng5 Bxg2 13.Kxg2 Ne8 14.Nge4 Qc7 15.Qe3 Rb8
16.a4 Nc5 17.Nd2 Nf6 18.Qf3 Nfd7 19.Nce4 Ne5 20.Qc3 Nxe4 21.Nxe4 f5 22.Nd2 Bf6
23.Qe3 Kf7 24.Ba3 Rfd8 25.Nf3 Qc6 26.Kg1 b5 27.Nd4 Qc8 28.axb5 Ng4 29.Qf3 Bxd4
30.Rxd4 axb5 31.Rxg4  1-0

[Event "Opatija Open A 2013"]
[Site "Opatija CRO"]
[Date "2013.07.02"]
[Round "4.9"]
[White "Beletic,D"]
[Black "Remetic,Velimir"]
[Result "1-0"]
[WhiteElo "2249"]
[BlackElo "1961"]

1.c4 Nf6 2.Nf3 e6 3.g3 b6 4.Bg2 Bb7 5.O-O c5 6.Nc3 Be7 7.Re1 Ne4 8.Nxe4 Bxe4
9.d3 Bc6 10.e4 d6 11.d4 cxd4 12.Nxd4 Bb7 13.Qg4 Nd7 14.Nb5 Kf8 15.Rd1 Qb8
16.Bg5 Nf6 17.Bxf6 gxf6 18.Qf4 h5 19.Nxd6 e5 20.Qd2 Qxd6 21.Qxd6 Bxd6 22.Rxd6 Ke7
23.Rad1 Bc8 24.h4 Be6 25.b3 Rac8 26.a4 Rc7 27.Kh2 Rd7 28.Rxd7+ Bxd7 29.Bh3 Bc6
30.Bf5 a5 31.f3 Rd8 32.Rxd8 Kxd8 33.g4 hxg4 34.fxg4 Ke7 35.h5 Kf8 36.h6 Bb7
37.Kg3 Bc6 38.Kh4 Bb7 39.g5 Kg8 40.gxf6 Bc6 41.Kg4 Kh8 42.Kf3 Kg8 43.Ke3 Bb7
44.Kd3 Ba6 45.Kc3 Bb7 46.b4  1-0

[Event "IsBank TCh-TUR 2013"]
[Site "Denizli TUR"]
[Date "2013.07.04"]
[Round "7.3"]
[White "Dastan,B"]
[Black "Sanal,V"]
[Result "1-0"]
[WhiteElo "2409"]
[BlackElo "2409"]

1.Nf3 Nf6 2.c4 e6 3.g3 b6 4.Bg2 Bb7 5.O-O c5 6.Nc3 Be7 7.d4 cxd4 8.Qxd4 O-O
9.Rd1 Nc6 10.Qf4 d6 11.b3 Qb8 12.Bb2 Rd8 13.Rac1 a6 14.e4 Ra7 15.Qe3 Ba8
16.Qe2 Rc7 17.e5 dxe5 18.Nxe5 Nxe5 19.Qxe5 Bxg2 20.Kxg2 Qb7+ 21.Kg1 Rcd7
22.Rxd7 Rxd7 23.Rd1 Rxd1+ 24.Nxd1 h5 25.Qe2 h4 26.gxh4 Qc6 27.Be5 Nd7 28.Bg3 Bf6
29.Nb2 Bd4 30.Nd3 e5 31.Nb4 Qe6 32.Qe4 f5 33.Qc6 Nf8 34.h5 Qf7 35.Qd5 g5
36.hxg6 Nxg6 37.h3 f4 38.Bh2 a5 39.Nc6 Bc5 40.Kf1 Kg7 41.Qxf7+ Kxf7 42.f3 Ke6
43.Bg1 Kd6 44.Na7 Be3 45.Nb5+ Kc5 46.Bxe3+ fxe3 47.Ke2 Nf4+ 48.Kxe3 Nxh3
49.Nc3 Kc6 50.Ne4 b5 51.cxb5+ Kxb5 52.a3 Nf4 53.Nc3+ Kc5 54.Ke4 Kd6 55.Nb5+ Ke6
56.Nd4+ Kd6 57.Nf5+ Ke6 58.Ne3 Ne2 59.Nc4 a4 60.bxa4 Nc3+ 61.Kd3 Nxa4 62.Ne3 Kd6
63.Kc4 Kc6 64.Ng4 Nb6+ 65.Kb4 Nd7 66.a4 Kb6 67.Ne3 Kc6 68.Nc4 Kd5 69.Kb5 Nb8
70.a5 Kd4 71.Nb6 Ke3 72.Nd7 Nxd7 73.a6 Nf8 74.a7 Ne6 75.Kb6 Kxf3 76.a8=Q+ e4
77.Qd5 Nf4 78.Qc6 Ke3 79.Kb5 Ne2 80.Kc4 Kf3 81.Qf6+ Ke3 82.Kd5 Kd3 83.Qa6+ Ke3
84.Qh6+ Kd3 85.Qh7 Nc3+ 86.Ke5 Kc4 87.Qh3  1-0

[Event "IsBank TCh-TUR 2013"]
[Site "Denizli TUR"]
[Date "2013.07.06"]
[Round "9.7"]
[White "Koksal,E"]
[Black "Sanal,V"]
[Result "1-0"]
[WhiteElo "2247"]
[BlackElo "2409"]

1.Nf3 Nf6 2.c4 e6 3.g3 b6 4.Bg2 Bb7 5.O-O c5 6.Nc3 Be7 7.d4 cxd4 8.Qxd4 O-O
9.Rd1 Nc6 10.Qf4 d6 11.b3 Qb8 12.Bb2 Rd8 13.Rac1 a6 14.Ne4 Nxe4 15.Qxe4 Ra7
16.Qg4 Bf8 17.Ng5 Ba8 18.Be4 h6 19.Nxe6 Qc8 20.Bf5 Qb7 21.Nxd8 Nxd8 22.f3 Qe7
23.Be4 Bxe4 24.Qxe4 Qxe4 25.fxe4 f6 26.e5 fxe5 27.Bxe5 Nf7 28.Bf4 Rb7 29.Rd5 Be7
30.Rcd1 Kf8 31.e4 Ke8 32.Kg2 Rc7 33.e5 dxe5 34.Bxe5 Nxe5 35.Rxe5 Kf7 36.Red5 Rc6
37.Rd7 Re6 38.Ra7 Kg6 39.Rxa6 Bc5 40.Rd2  1-0

[Event "6th ch-Cent SRB Int 2013"]
[Site "Paracin SRB"]
[Date "2013.07.06"]
[Round "3.26"]
[White "Carnic,S"]
[Black "Kasparova,T"]
[Result "1/2-1/2"]
[WhiteElo "2341"]
[BlackElo "2133"]

1.Nf3 Nf6 2.c4 c5 3.g3 b6 4.Bg2 Bb7 5.O-O e6 6.Nc3 d6 7.Re1 Be7 8.e4 Nbd7
9.d4 cxd4 10.Nxd4 Qc7 11.b3 Rc8 12.Ba3 a6 13.Rc1 O-O 14.f4 Rfe8 15.Ndb5 axb5
16.Nxb5 Qc6 17.Na7 Qc7 18.Nb5 Qc6 19.Na7 Qc7 20.Nb5 Qc6  1/2-1/2

[Event "3rd SPAChess Open"]
[Site "Amsterdam NED"]
[Date "2013.07.10"]
[Round "5.19"]
[White "Mijnheer,P"]
[Black "Cheung,J"]
[Result "0-1"]
[WhiteElo "2187"]
[BlackElo "2079"]

1.Nf3 c5 2.c4 Nf6 3.g3 b6 4.Bg2 Bb7 5.O-O e6 6.Nc3 Be7 7.d4 cxd4 8.Qxd4 d6
9.b3 Nbd7 10.Bg5 a6 11.Rfd1 O-O 12.Rac1 Qc7 13.Bxf6 Nxf6 14.Qd3 Rfe8 15.Nd4 Bxg2
16.Kxg2 Rac8 17.Qf3 Bf8 18.Ne4 Nd7 19.Ng5 Ne5 20.Qe4 g6 21.Qh4 h6 22.Ne4 Qb7
23.f3 Nd7 24.Nc2 d5 25.Nd2 Bg7 26.Ne3 b5 27.Kf1 Qb6 28.Ng4 h5 29.Nf2 Bf6
30.Qh3 Bd4 31.Nd3 dxc4 32.bxc4 Be3 33.cxb5 axb5 34.Rxc8 Rxc8 35.Nb3 Nf6 36.Qh4 Nd5
37.Qe4 Rc4 38.Qe5 Bh6 39.Rb1 Ne3+ 40.Ke1 Ng4 41.Kf1 Nxe5 42.Nxe5 Rc2  0-1

[Event "St. Pauli Open 2013"]
[Site "Hamburg GER"]
[Date "2013.07.10"]
[Round "5.9"]
[White "Hochgraefe,M"]
[Black "Wobbe,S"]
[Result "1/2-1/2"]
[WhiteElo "2327"]
[BlackElo "2149"]

1.Nf3 c5 2.c4 e6 3.g3 b6 4.Bg2 Bb7 5.O-O Nf6 6.Nc3 Be7 7.d4 cxd4 8.Qxd4 O-O
9.Rd1 Nc6 10.Qf4 Qb8 11.b3 Rd8 12.Bb2 Qxf4 13.gxf4 Nb4 14.a3 Na6 15.Ne5 Bxg2
16.Kxg2 Rac8 17.Nb5 Nc5 18.Nxa7 Ra8 19.Nb5 Nxb3 20.Rab1 Na5 21.Nd6 Bxd6 22.Rxd6 Ne4
23.Rxd7 Rxd7 24.Nxd7 Nxc4 25.Bd4 Rxa3 26.Nxb6 Nxb6 27.Rxb6  1/2-1/2

[Event "6th d'Ille et Vilaine 2013"]
[Site "Rennes FRA"]
[Date "2013.07.10"]
[Round "6.3"]
[White "Kukov,V"]
[Black "Mladenov,P"]
[Result "0-1"]
[WhiteElo "2370"]
[BlackElo "2405"]

1.Nf3 Nf6 2.c4 e6 3.g3 b6 4.Bg2 Bb7 5.O-O c5 6.Nc3 Be7 7.Re1 d6 8.e4 a6 9.d4 cxd4
10.Nxd4 Qc7 11.Be3 Nbd7 12.Rc1 Rc8 13.f4 Qb8 14.b3 Qa8 15.Bf2 h6 16.Bf3 g5
17.e5 Bxf3 18.Qxf3 Qxf3 19.Nxf3 dxe5 20.fxg5 hxg5 21.Nxe5 Nxe5 22.Rxe5 Ng4
23.Re2 Nxf2 24.Rxf2 Bc5  0-1

[Event "15th Saint-Lo IM"]
[Site "Saint-Lo FRA"]
[Date "2013.07.12"]
[Round "7.2"]
[White "Laurent,Ju"]
[Black "Breahna,R"]
[Result "1/2-1/2"]
[WhiteElo "2287"]
[BlackElo "2266"]

1.Nf3 Nf6 2.c4 c5 3.g3 b6 4.Bg2 Bb7 5.O-O e6 6.Nc3 Be7 7.Re1 a6 8.e4 d6 9.d4 cxd4
10.Nxd4 Qc7 11.Be3 O-O 12.Rc1 Re8 13.f4 Bf8 14.Bf2 g6 15.g4 Nbd7 16.Bf3 e5
17.Nd5 Qd8 18.Ne2 Bxd5 19.cxd5 exf4 20.Nxf4 Bh6 21.Bg3 Ne5 22.h3 Nfd7 23.Bg2 Nc5
24.Rc3 a5 25.Ne2 b5 26.Nd4 b4 27.Rc2 Ncd3 28.Nc6 Qb6+ 29.Kh2 Nxe1 30.Qxe1 Bg7
31.Qe2 b3 32.axb3 Qxb3 33.Nd4 Nxg4+ 34.hxg4 Bxd4 35.Bxd6 Be5+ 36.Bxe5 Rxe5
37.Rc7 Qb6 38.Qc4 Qf6 39.Kg1 Rd8 40.Qc3 Qb6+ 41.Kh2 Qf6 42.Kg1 Qf4  1/2-1/2